Conceptos, operaciones y problemas básicos numéricos : (Registro nro. 89622)
[ vista simple ]
| 000 -CABECERA | |
|---|---|
| campo de control de longitud fija | 00705nam a22002053a 4500 |
| 005 - FECHA Y HORA DE LA ÚLTIMA TRANSACCIÓN | |
| campo de control | 20230524063856.0 |
| 008 - ELEMENTOS DE LONGITUD FIJA--INFORMACIÓN GENERAL | |
| campo de control de longitud fija | 010531s1995 mx fr 000 0 spa d |
| 020 ## - NÚMERO INTERNACIONAL NORMALIZADO PARA LIBROS | |
| Número Internacional Estándar del Libro | 8478691960 |
| 035 ## - NÚMERO DE CONTROL DEL SISTEMA | |
| Número de control de sistema | UPN01000116994 |
| 049 ## - COLECCIÓN | |
| Colección | CG |
| 050 #4 - SIGNATURA TOPOGRÁFICA DE LA BIBLIOTECA DEL CONGRESO | |
| Número de clasificación | LB1131 |
| Número de documento/Ítem | P7.6 no.2 |
| 100 1# - ASIENTO PRINCIPAL--NOMBRE PERSONAL | |
| Nombre de persona | Yuste Hernanz, Carlos |
| 9 (RLIN) | 29510 |
| 245 10 - MENCIÓN DE TÍTULO | |
| Título | Conceptos, operaciones y problemas básicos numéricos : |
| Resto del título | desarrollo del lenguaje... / |
| Mención de responsabilidad, etc. | Carlos Yuste Hernanz, Manuel Trallero Sanz. |
| 260 ## - PUBLICACIÓN, DISTRIBUCIÓN, ETC. | |
| Lugar de publicación, distribución, etc. | Madrid : |
| Nombre del editor, distribuidor, etc. | CEPE, |
| Fecha de publicación, distribución, etc. | 1995. |
| 300 ## - DESCRIPCIÓN FÍSICA | |
| Extensión | 128 p. : |
| Otras características físicas | il., alg. col. |
| 440 #0 - MENCIÓN DE SERIE/ASIENTO SECUNDARIO--TÍTULO | |
| Título | Progresint ; |
| Designación de volumen o secuencia | 2 |
| 650 #4 - ASIENTO SECUNDARIO DE MATERIA - TERMINO TEMATICO | |
| Término de materia o nombre geográfico como elemento de entrada | Matemáticas |
| Subdivisión general | Estudio y enseñanza (Elemental) |
| 9 (RLIN) | 2809 |
| 650 #4 - ASIENTO SECUNDARIO DE MATERIA - TERMINO TEMATICO | |
| Término de materia o nombre geográfico como elemento de entrada | CALCULO - |
| Subdivisión de forma | PROBLEMAS, EJERCICIOS, ETC. |
| 9 (RLIN) | 4539 |
| 905 ## - TIPO DE MATERIAL | |
| Tipo de material | Libro |
| Estado de retiro | Estado de pérdida | Fuente del sistema de clasificación o colocación | Estado dañado | No para préstamo | Código de colección | Localización permanente | Ubicación/localización actual | Ubicación en estantería | Total de préstamos | Clasificación | Código de barras | Fecha visto por última vez | Número de copia | Tipo de ítem Koha |
|---|---|---|---|---|---|---|---|---|---|---|---|---|---|---|
| Library of Congress Classification | Colección General | Bib. Gregorio Torres Quintero | Bib. Gregorio Torres Quintero | Planta baja | 9 | LB1131 P7.6 no.2 | 176330 | 31/12/2020 | 1 | Libro |